|
|
|
|
| LEADER |
02030nam a2200385 u 4500 |
| 001 |
10077182 |
| 003 |
upatras |
| 005 |
20210303091931.0 |
| 008 |
090728s1965 f ger |
| 040 |
|
|
|a GR-PaULI
|c GR-PaULI
|
| 041 |
0 |
|
|a ger
|
| 082 |
1 |
4 |
|a 184
|2 22
|
| 100 |
1 |
|
|a Hartmann, Nicolai
|9 27240
|
| 245 |
1 |
0 |
|a Platos Logik des Seins
|c von Nicolai Hartmann
|
| 246 |
1 |
3 |
|a Logik des Seins
|
| 250 |
|
|
|a 2. Aufl
|
| 260 |
|
|
|a Berlin
|b W. de Gruyter
|c 1965
|
| 300 |
|
|
|a x, 512 p.
|c 23 cm.
|
| 500 |
|
|
|a Reprint of 1909 edition
|
| 504 |
|
|
|a Includes bibliographical references and index
|
| 600 |
1 |
4 |
|a Πλάτων
|d 427-347
|x Οντολογία
|9 77601
|
| 600 |
0 |
4 |
|9 25133
|a Πλάτων
|d 427-347
|x Ερμηνεία και κριτική
|
| 600 |
0 |
4 |
|9 25133
|a Πλάτων
|d 427-347
|x Ερμηνεία και κριτική
|
| 650 |
|
4 |
|a Ιδέα (Φιλοσοφία)
|9 48572
|
| 650 |
|
4 |
|a Λογική
|9 325
|
| 650 |
|
4 |
|9 77602
|a Οντολογία
|v Πρώιμα έργα μέχρι το 1800
|y Πρώιμες εργασίες μέχρι το 1800
|
| 852 |
|
|
|a GR-PaULI
|b ΠΑΤΡΑ
|b ΦΙΛΟΛΟΓΙΑ
|k ΔΑΝΕΙΖ-6
|h 184 HAR
|m 003918
|p 025000104400
|t 1
|
| 852 |
|
|
|a GR-PaULI
|b ΠΑΤΡΑ
|b ΦΙΛΟΛΟΓΙΑ
|k ΔΑΝΕΙΖ-6
|h 184 HAR
|m 002400
|p 025000087758
|t 2
|
| 852 |
|
|
|a GR-PaULI
|b ΠΑΤΡΑ
|b ΦΙΛΟΣΟΦΙΑ
|k ΑΣΧΞ-4
|h 184 HAR
|m 8370
|p 025000187992
|t 3
|
| 942 |
|
|
|2 ddc
|
| 952 |
|
|
|0 0
|1 0
|2 ddc
|4 0
|6 184_000000000000000_HAR
|7 0
|9 79786
|a LISP
|b LISP
|c BSC
|d 2016-04-24
|i 003918
|l 0
|o 184 HAR
|p 025000104400
|r 2016-04-24 00:00:00
|t 1
|w 2016-04-24
|y BK15
|x Μεταφορά Τμήματος Φιλολογίας
|
| 952 |
|
|
|0 0
|1 0
|2 ddc
|4 0
|6 184_000000000000000_HAR
|7 0
|9 79787
|a LISP
|b LISP
|c BSC
|d 2016-04-24
|i 002400
|l 0
|o 184 HAR
|p 025000087758
|r 2016-04-24 00:00:00
|t 2
|w 2016-04-24
|y BK15
|x Μεταφορά Τμήματος Φιλολογίας
|
| 952 |
|
|
|0 0
|1 0
|4 0
|6 184_000000000000000_HAR
|7 0
|9 79788
|a PHIL
|b PHIL
|d 2016-04-24
|i 8370
|l 0
|o 184 HAR
|p 025000187992
|r 2016-04-24 00:00:00
|t 3
|w 2016-04-24
|y BK15
|
| 998 |
|
|
|c ELIDOC
|d 2009-07
|
| 999 |
|
|
|c 53029
|d 53029
|